| 000 | 01317cad a22002295a 4500 | ||
|---|---|---|---|
| 001 | L142811 | ||
| 008 | 070316s2008 xxk f 000 0 eng d | ||
| 035 | _a(Sirsi) u142811 | ||
| 041 | 0 | _aeng | |
| 110 | 2 |
_aKing Sturge _93877 |
|
| 245 | 0 | 0 |
_aEuropean property investors and bankers survey 2008 _h[electronic resource] |
| 260 |
_a[S.l.] _bKing Sturge _c2008 |
||
| 490 | 0 |
_aKing Sturge European Property Investors and Bankers Survey _v2008 |
|
| 520 | _aReports strong confidence in European commercial property with investment returns expected to exceed the previous year. Compares expectations in the UK market with expectation in the European market, and finds that most investors believe growth in the European market will outstrip that of the UK. Reports that investors and bankers are turning their attention away from new Central and Eastern Europe and the UK, expecting better returns to come from Germany, France, Italy and Spain. | ||
| 590 | _aKA | ||
| 650 | 2 | 4 | _aKING STURGE EUROPEAN PROPERTY INVESTORS AND BANKERS SURVEY |
| 650 | 2 | 4 | _aCOMMERCIAL ENERGY PERFORMANCE CERTIFICATES |
| 651 | 4 | _aEurope | |
| 690 | _aPROPERTY-COMMERCIAL PROPERTY-COMMERCIAL PROPERTY FINANCE AND INVESTMENT | ||
| 856 | 4 | 0 |
_uhttps://www.kingsturge.co.uk/ _zView the item free of charge at www.kingsturge.co.uk... |
| 942 | _n0 | ||
| 999 |
_c107986 _d107986 |
||